00930nam a2200205 i 450000100060000000300090000600500170001500700030003200800410003502000180007608000280009424501730012226001100029530000300040549000850043561000560052070000300057683000850060685200330069192701ES-MaACL20230906181034.0t|050419s1994 sp ||||1| spa d a84-89285-01-2 a726.54(460.27 Alcalá)00aLibro-guía del visitante de la ermita de San Isidro Labrador b: Alcalá de Henares : crónica de su última restauración / cMaría José Arnaiz ... [et al.]. aAlcalá de Henares : bObispado de Alcalá de Henares : bAyuntamiento de Alcalá de Henares, c[1994] a158 p. : bil. ; c20 cm.1 aColección de guías artísticas de la diócesis de Alcalá de Henares ;v327aErmita de San Isidro Labrador (Alcalá de Henares)1 aArnáiz, María José.0 aColección de guías artísticas de la diócesis de Alcalá de Henares ;v3 aES-MaACLjE-11002 bR.134965